77 skutočných príbehov (Record no. 22342)
[ view plain ]
| 000 -LEADER | |
|---|---|
| fixed length control field | 01286nam a22003493a 4500 |
| 001 - CONTROL NUMBER | |
| control field | 22342 |
| 003 - CONTROL NUMBER IDENTIFIER | |
| control field | VRT |
| 005 - DATE AND TIME OF LATEST TRANSACTION | |
| control field | 20260326144101.0 |
| 008 - FIXED-LENGTH DATA ELEMENTS--GENERAL INFORMATION | |
| fixed length control field | 091202s2006 xo o d 000 j slo d |
| 020 ## - INTERNATIONAL STANDARD BOOK NUMBER | |
| International Standard Book Number | 8085258447 (viaz.) |
| 035 ## - SYSTEM CONTROL NUMBER | |
| System control number | a000419202 |
| 039 #9 - LEVEL OF BIBLIOGRAPHIC CONTROL AND CODING DETAIL [OBSOLETE] | |
| Level of rules in bibliographic description | 201003041358 |
| Level of effort used to assign nonsubject heading access points | muro |
| Level of effort used to assign subject headings | 201002181315 |
| Level of effort used to assign classification | pechova |
| 040 ## - CATALOGING SOURCE | |
| Original cataloging agency | UKB |
| Language of cataloging | slo |
| Transcribing agency | UKB |
| Description conventions | AACR2 |
| 041 0# - LANGUAGE CODE | |
| Language code of text/sound track or separate title | slo |
| 044 ## - COUNTRY OF PUBLISHING/PRODUCING ENTITY CODE | |
| MARC country code | xo |
| ISO country code | SK |
| 072 #7 - SUBJECT CATEGORY CODE | |
| Subject category code | 821.162.4 |
| Subject category code subdivision | Slovenská literatúra |
| Source | konspekt |
| 080 ## - UNIVERSAL DECIMAL CLASSIFICATION NUMBER | |
| Universal Decimal Classification number | 821.162.4-32 |
| Edition identifier | 2004 |
| 080 ## - UNIVERSAL DECIMAL CLASSIFICATION NUMBER | |
| Universal Decimal Classification number | (0:82-32) |
| Edition identifier | 2004 |
| 245 00 - TITLE STATEMENT | |
| Title | 77 skutočných príbehov |
| Remainder of title | láska, radosť, vášeň i smútok v príbehoch, ktoré sa naozaj stali : [zaručene pravé od čitateľov týždenníkov Nový Čas pre ženy a Život |
| Statement of responsibility, etc. | z príbehov čitateľov týždenníkov Nový Čas pre ženy a Život zostavila Elena Jančušková ; fotografie Profimedia SK] |
| 246 3# - VARYING FORM OF TITLE | |
| Title proper/short title | Sedemdesiat sedem skutočných príbehov |
| 250 ## - EDITION STATEMENT | |
| Edition statement | 1. vyd. |
| 260 ## - PUBLICATION, DISTRIBUTION, ETC. | |
| Place of publication, distribution, etc. | Bratislava |
| Name of publisher, distributor, etc. | Ringier |
| Date of publication, distribution, etc. | 2006 |
| 300 ## - PHYSICAL DESCRIPTION | |
| Extent | 150 s. |
| Other physical details | fot. |
| 653 ## - INDEX TERM--UNCONTROLLED | |
| Uncontrolled term | 821.162.4-32 |
| 653 ## - INDEX TERM--UNCONTROLLED | |
| Uncontrolled term | (0:82-32) |
| 655 #7 - INDEX TERM--GENRE/FORM | |
| Genre/form data or focus term | slovenské príbehy |
| Source of term | UKBPH |
| 700 1# - ADDED ENTRY--PERSONAL NAME | |
| Personal name | Jančušková, Elena |
| Relationship | com |
| 910 ## - USER-OPTION DATA (OCLC) | |
| User-option data | ukb |
| 942 ## - ADDED ENTRY ELEMENTS (KOHA) | |
| Source of classification or shelving scheme | Dewey Decimal Classification |
| Koha item type | Krásna literatúra pre dospelých |
| Suppress in OPAC | No |
| 949 ## - LOCAL PROCESSING INFORMATION (OCLC) | |
| 6 | 1800441625 |
| a | SL.D.74333 |
| b | PV.13893-2009 |
| 949 ## - LOCAL PROCESSING INFORMATION (OCLC) | |
| 6 | 1800441626 |
| a | SK.D.43327 |
| b | PV.13894-2009 |
| s | 6707:20100322 |
| Stav vyradenia | Strata | Poškodenie | Spôsob nadobudnutia | Domovská knižnica | Aktuálna knižnica | Dátum nadobudnutia | Total checkouts | Čiarový kód exemplára | Date last seen | Typ exemplára |
|---|---|---|---|---|---|---|---|---|---|---|
| Dar | Obecná knižnica Turčianska Štiavnička | Obecná knižnica Turčianska Štiavnička | 26.03.2026 | 4738000758 | 26.03.2026 | Krásna literatúra pre dospelých |
